[Event "GER-ch Net blitz qual1"]
[Site "Playchess.com INT"]
[Date "2021.04.24"]
[Round "3"]
[White "Haus, Volker"]
[Black "Thuemler, Floris"]
[Result "1-0"]
[WhiteElo "1976"]
[BlackElo "1620"]
[PlyCount "45"]
[EventDate "2021.04.24"]
[EventType "swiss (blitz)"]
[EventRounds "11"]
[EventCountry "GER"]
[SourceTitle "CBM 202 Extra"]
[Source "ChessBase"]
[SourceDate "2021.07.31"]
[SourceVersion "1"]
[SourceVersionDate "2021.07.31"]
[SourceQuality "1"]

1. d4 Nf6 2. c4 g6 3. Nc3 Bg7 4. e4 d6 5. f4 c5 6. d5 0-0 7. Nf3 e6 8. dxe6 Bxe6 9. Bd3 Nc6 10. 0-0 Nb4 11. Be2 Re8 12. a3 Nc6 13. Qe1 Qb6 14. f5 gxf5 15. Qh4 fxe4 16. Ng5 Rad8 17. Nd5 Bxd5 18. cxd5 Nd4 19. Bc4 h6 20. Rxf6 Bxf6 21. Qxh6 Bg7 22. Qh7+ Kf8 23. Be3 1-0

[Event "GER-ch Net blitz qual1"]
[Site "Playchess.com INT"]
[Date "2021.04.24"]
[Round "4"]
[White "Kettner, Peer"]
[Black "Thuemler, Floris"]
[Result "0-1"]
[WhiteElo "1620"]
[BlackElo "1620"]
[PlyCount "84"]
[EventDate "2021.04.24"]
[EventType "swiss (blitz)"]
[EventRounds "11"]
[EventCountry "GER"]
[SourceTitle "CBM 202 Extra"]
[Source "ChessBase"]
[SourceDate "2021.07.31"]
[SourceVersion "1"]
[SourceVersionDate "2021.07.31"]
[SourceQuality "1"]

1. d4 Nf6 2. Bf4 g6 3. e3 Bg7 4. Bd3 d6 5. c3 0-0 6. Nd2 Nbd7 7. Qc2 Re8 8. Ngf3 e5 9. dxe5 dxe5 10. Bxe5 Nxe5 11. Nxe5 Rxe5 12. Nf3 Re8 13. 0-0-0 Qe7 14. Bc4 Bg4 15. Be2 Rad8 16. Rde1 Nd5 17. Ne5 Bxe2 18. Rxe2 Qxe5 19. Rd2 Nxe3 20. fxe3 Qxe3 21. Rhd1 Bh6 22. b3 Re7 23. Kb2 Rxd2 24. Rxd2 Qxd2 25. Qxd2 Bxd2 26. Ka3 Bxc3 27. g4 Re4 28. h3 Re5 29. b4 a5 30. Kb3 axb4 31. a4 Re3 32. a5 Rxh3 33. g5 Bd2+ 34. Kc2 Bxg5 35. Kb2 b3 36. a6 bxa6 37. Kb1 Bf6 38. Kc1 b2+ 39. Kb1 Rh1+ 40. Ka2 b1Q+ 41. Ka3 Qb2+ 42. Ka4 Ra1# 0-1

[Event "GER-ch U10"]
[Site "Willingen"]
[Date "2020.10.31"]
[Round "7"]
[White "Wolff, Calvin"]
[Black "Thuemler, Floris"]
[Result "1-0"]
[WhiteElo "1219"]
[BlackElo "1295"]
[PlyCount "59"]
[EventDate "2020.10.26"]
[EventType "swiss"]
[EventRounds "7"]
[EventCountry "GER"]
[SourceTitle "CBM 199 Extra"]
[Source "ChessBase"]
[SourceDate "2021.01.31"]
[SourceVersion "1"]
[SourceVersionDate "2021.01.31"]
[SourceQuality "1"]

1. e4 d6 2. d4 Nf6 3. Nc3 g6 4. Be3 c6 5. f3 b5 6. Qd2 Bg7 7. Bh6 0-0 8. g4 Bxh6 9. Qxh6 e5 10. 0-0-0 Qe7 11. h4 b4 12. Na4 Bd7 13. b3 exd4 14. g5 Nxe4 15. Re1 d5 16. fxe4 dxe4 17. h5 Bf5 18. Bc4 Qe5 19. Nb2 Qg7 20. hxg6 Qxh6 21. gxf7+ Kg7 22. gxh6+ Kg6 23. Ne2 Nd7 24. Nxd4 Ne5 25. Rhg1+ Ng4 26. Nxf5 Kxf5 27. Ref1+ Kg5 28. Be6 Kxh6 29. Rxg4 Kh5 30. Rh1# 1-0

[Event "GER-ch U10"]
[Site "Willingen"]
[Date "2020.10.30"]
[Round "5"]
[White "Aniol, Nico"]
[Black "Thuemler, Floris"]
[Result "1-0"]
[WhiteElo "1417"]
[BlackElo "1295"]
[PlyCount "57"]
[EventDate "2020.10.26"]
[EventType "swiss"]
[EventRounds "7"]
[EventCountry "GER"]
[SourceTitle "CBM 199 Extra"]
[Source "ChessBase"]
[SourceDate "2021.01.31"]
[SourceVersion "1"]
[SourceVersionDate "2021.01.31"]
[SourceQuality "1"]

1. e4 d6 2. d4 Nf6 3. Nc3 g6 4. f4 Bg7 5. Nf3 c5 6. dxc5 Qa5 7. cxd6 Nxe4 8. Bb5+ Bd7 9. Bxd7+ Nxd7 10. Bd2 Nxc3 11. bxc3 Bxc3 12. Qe2 e6 13. 0-0 Qc5+ 14. Be3 Qxd6 15. Rad1 Qc7 16. Bd4 0-0 17. Bxc3 Qxc3 18. Rxd7 Rac8 19. Rxb7 Rfd8 20. Kh1 Rc7 21. Rxc7 Qxc7 22. h3 Qxf4 23. Ne5 Rd2 24. Qb5 Qe4 25. Qe8+ Kg7 26. Qxf7+ Kh6 27. Ng4+ Kg5 28. Qe7+ Kh5 29. Nf6+ 1-0

[Event "GER-ch U18 sf Berlin Online"]
[Site "Playchess.com INT"]
[Date "2020.05.01"]
[Round "3"]
[White "Betz, Niclas"]
[Black "Thuemler, Floris"]
[Result "0-1"]
[WhiteElo "1620"]
[BlackElo "1214"]
[PlyCount "48"]
[EventDate "2020.05.01"]
[EventType "swiss (blitz)"]
[EventRounds "13"]
[EventCountry "GER"]
[SourceTitle "CBM 195 Extra"]
[Source "ChessBase"]
[SourceDate "2020.05.31"]
[SourceVersion "1"]
[SourceVersionDate "2020.05.31"]
[SourceQuality "1"]

1. e4 e5 2. Nf3 Nc6 3. Bb5 a6 4. Ba4 Nf6 5. 0-0 d6 6. Nc3 Be7 7. d3 b6 8. Bg5 h6 9. Bh4 Nxe4 10. dxe4 b5 11. Bb3 Bxh4 12. Nxh4 Qxh4 13. g3 Qg5 14. h4 Qg4 15. Qxg4 Bxg4 16. Rfd1 0-0 17. Nd5 Bxd1 18. Rxd1 Ra7 19. Ne7+ Kh7 20. c4 Nxe7 21. cxb5 axb5 22. Bc2 Rxa2 23. f4 exf4 24. e5+ Kg8 0-1

[Event "GER-ch U18 sf Berlin Online"]
[Site "Playchess.com INT"]
[Date "2020.05.01"]
[Round "13"]
[White "Thuemler, Floris"]
[Black "Danchishin, Kirill"]
[Result "0-1"]
[WhiteElo "1214"]
[BlackElo "1620"]
[PlyCount "100"]
[EventDate "2020.05.01"]
[EventType "swiss (blitz)"]
[EventRounds "13"]
[EventCountry "GER"]
[SourceTitle "CBM 195 Extra"]
[Source "ChessBase"]
[SourceDate "2020.05.31"]
[SourceVersion "1"]
[SourceVersionDate "2020.05.31"]
[SourceQuality "1"]

1. e4 e5 2. Nc3 Nc6 3. f4 d6 4. Nf3 Bg4 5. Be2 f5 6. h3 Bxf3 7. Bxf3 fxe4 8. Bxe4 Qh4+ 9. Kf1 Qxf4+ 10. Qf3 Qxf3+ 11. Bxf3 Nge7 12. Nb5 0-0-0 13. Bxc6 Nxc6 14. d3 Nd4 15. Nxd4 exd4 16. Bg5 Re8 17. Kf2 Be7 18. Bxe7 Rxe7 19. Rhe1 Rf8+ 20. Kg1 Rfe8 21. Red1 Re2 22. Rac1 Rf8 23. Re1 Rff2 24. Rxe2 Rxe2 25. Kf1 Re5 26. Re1 Rxe1+ 27. Kxe1 Kd7 28. Ke2 Ke6 29. Kf3 d5 30. Kf4 Kf6 31. c3 dxc3 32. bxc3 g5+ 33. Kg4 c5 34. d4 cxd4 35. cxd4 b5 36. h4 gxh4 37. Kxh4 Kg6 38. Kg3 a5 39. Kf2 Kf5 40. Ke3 a4 41. Kd2 Ke4 42. Kc3 a3 43. g3 h5 44. Kb4 Kxd4 45. Kxa3 Kc3 46. g4 h4 47. g5 h3 48. g6 h2 49. g7 h1Q 50. g8Q Qc1# 0-1

[Event "GER-ch U18 sf Berlin Online"]
[Site "Playchess.com INT"]
[Date "2020.05.01"]
[Round "6"]
[White "Thuemler, Floris"]
[Black "Martin, Richard2222"]
[Result "1/2-1/2"]
[WhiteElo "1214"]
[BlackElo "1620"]
[PlyCount "62"]
[EventDate "2020.05.01"]
[EventType "swiss (blitz)"]
[EventRounds "13"]
[EventCountry "GER"]
[SourceTitle "CBM 195 Extra"]
[Source "ChessBase"]
[SourceDate "2020.05.31"]
[SourceVersion "1"]
[SourceVersionDate "2020.05.31"]
[SourceQuality "1"]

1. e4 c5 2. Nf3 d6 3. d4 cxd4 4. Qd2 e5 5. c3 dxc3 6. Nxc3 Nf6 7. Nb5 a6 8. Nc3 Be7 9. Qc2 0-0 10. Bd3 b5 11. 0-0 Bb7 12. Bg5 Nbd7 13. Rac1 h6 14. Bxf6 Nxf6 15. Rfd1 Rc8 16. Qe2 Qb6 17. Bc2 Rfd8 18. h3 Nh7 19. Bb3 Ng5 20. Nd5 Bxd5 21. Rxc8 Rxc8 22. Bxd5 Nh7 23. Qd3 Qc5 24. Bb3 Nf6 25. Nh4 Ng4 26. hxg4 Bxh4 27. g3 Be7 28. Rd2 Qc1+ 29. Kg2 Rf8 30. Rc2 Qg5 31. Qf3 Kh8 1/2-1/2

[Event "GER-ch Net blitz qual4"]
[Site "Playchess.com INT"]
[Date "2020.03.23"]
[Round "9"]
[White "Thuemler, Floris"]
[Black "Backes, Markus"]
[Result "1-0"]
[WhiteElo "1295"]
[BlackElo "1498"]
[PlyCount "89"]
[EventDate "2020.03.23"]
[EventType "swiss (blitz)"]
[EventRounds "9"]
[EventCountry "GER"]
[SourceTitle "CBM 195 Extra"]
[Source "ChessBase"]
[SourceDate "2020.05.31"]
[SourceVersion "1"]
[SourceVersionDate "2020.05.31"]
[SourceQuality "1"]

1. e4 c5 2. Nf3 d6 3. d4 cxd4 4. Qxd4 Nc6 5. Bb5 Bd7 6. Bxc6 Bxc6 7. Nc3 e5 8. Qd3 Nf6 9. Bg5 Be7 10. 0-0-0 Rc8 11. Bxf6 gxf6 12. Nh4 b6 13. Nf5 Bf8 14. Rhe1 b5 15. Nxb5 Bxb5 16. Qxb5+ Qd7 17. Qxd7+ Kxd7 18. Kd2 Be7 19. Ke3 Rxc2 20. Rd2 Rhc8 21. Ree2 Rxd2 22. Rxd2 Rc6 23. f4 Bd8 24. fxe5 fxe5 25. Kf3 Bg5 26. Rd3 Bc1 27. Kg4 Bxb2 28. Kg5 Bc1+ 29. Kf6 Ke8 30. Nxd6+ Kd7 31. Kxf7 Rxd6 32. Rxd6+ Kxd6 33. Kf6 h6 34. g4 a5 35. h4 Bf4 36. Kf5 Ke7 37. g5 hxg5 38. hxg5 Kf7 39. a4 Kg7 40. g6 Bg3 41. Kg5 Bf4+ 42. Kf5 Kh6 43. Kf6 Bg5+ 44. Kf7 Kh5 45. g7 1-0

[Event "GER-ch Net blitz qual3"]
[Site "Playchess.com INT"]
[Date "2020.03.21"]
[Round "7"]
[White "Polaski, Frank"]
[Black "Thuemler, Floris"]
[Result "1-0"]
[WhiteElo "1639"]
[BlackElo "1295"]
[PlyCount "151"]
[EventDate "2020.03.21"]
[EventType "swiss (blitz)"]
[EventRounds "9"]
[EventCountry "GER"]
[SourceTitle "CBM 195 Extra"]
[Source "ChessBase"]
[SourceDate "2020.05.31"]
[SourceVersion "1"]
[SourceVersionDate "2020.05.31"]
[SourceQuality "1"]

1. e4 e5 2. Bc4 Nf6 3. d3 Nc6 4. c3 d6 5. Nf3 Bg4 6. 0-0 Be7 7. Bb3 0-0 8. Be3 Qd7 9. Nbd2 Rad8 10. Qc1 Rfe8 11. Ne1 h6 12. f3 Be6 13. Bd1 b5 14. a3 d5 15. Be2 dxe4 16. Nxe4 Nd5 17. Nc2 Nxe3 18. Qxe3 Qd5 19. Ng3 Bg5 20. Qe4 Qxe4 21. Nxe4 Be7 22. Rfe1 Bf5 23. Nf2 Bc5 24. Rad1 Ne7 25. Kf1 Nd5 26. Ne4 Ne3+ 27. Nxe3 Bxe3 28. Ng3 Be6 29. Rb1 Bb3 30. Ne4 f5 31. Ng3 Bd2 32. Nxf5 Bxe1 33. Kxe1 Kf7 34. Rc1 Kf8 35. h4 Kf7 36. g3 Kg6 37. Ne3 Kf6 38. Kf2 Ke6 39. g4 Kd6 40. Nf5+ Ke6 41. Nxg7+ Kf7 42. Nxe8 Rxe8 43. c4 Ke6 44. cxb5 Kd6 45. Bd1 Bxd1 46. Rxd1 Kc5 47. Ke3 Kxb5 48. Rc1 Kb6 49. Ke4 Kb7 50. Rc4 Kc8 51. Rc5 Kd7 52. Rxe5 Rxe5+ 53. Kxe5 Ke7 54. d4 c6 55. f4 a6 56. f5 a5 57. g5 h5 58. g6 Kf8 59. Kf6 Kg8 60. Kg5 Kg7 61. Kxh5 Kg8 62. Kg5 Kg7 63. h5 Kg8 64. Kf6 a4 65. h6 Kh8 66. Kf7 c5 67. g7+ Kh7 68. g8Q+ Kxh6 69. Ke7 cxd4 70. Qd5 d3 71. Qxd3 Kh5 72. f6 Kh6 73. f7 Kh5 74. f8Q Kh4 75. Qg6 Kh3 76. Qh8# 1-0

[Event "GER-ch Net blitz qual2"]
[Site "Playchess.com INT"]
[Date "2020.03.16"]
[Round "6"]
[White "Klemm, Robert"]
[Black "Thuemler, Floris"]
[Result "1-0"]
[WhiteElo "1791"]
[BlackElo "1295"]
[PlyCount "87"]
[EventDate "2020.03.16"]
[EventType "swiss (blitz)"]
[EventRounds "9"]
[EventCountry "GER"]
[SourceTitle "CBM 195 Extra"]
[Source "ChessBase"]
[SourceDate "2020.05.31"]
[SourceVersion "1"]
[SourceVersionDate "2020.05.31"]
[SourceQuality "1"]

1. b3 Nf6 2. Bb2 g6 3. Nf3 Bg7 4. e3 0-0 5. Be2 d6 6. 0-0 Nc6 7. d4 d5 8. c4 dxc4 9. bxc4 e6 10. Nbd2 b6 11. e4 Bb7 12. e5 Nd7 13. a4 f6 14. Ba3 Rf7 15. d5 Ncxe5 16. dxe6 Re7 17. Bxe7 Qxe7 18. exd7 Qxd7 19. Nxe5 fxe5 20. Rc1 Qc6 21. Bf3 e4 22. Bxe4 Qc5 23. Bxb7 Rf8 24. Bd5+ Kh8 25. Ne4 Qe7 26. Qd2 Rf5 27. Rfe1 Qf8 28. Ng5 Bh6 29. h4 Bxg5 30. hxg5 Kg7 31. Qd4+ Rf6 32. Qxf6+ Qxf6 33. gxf6+ Kxf6 34. Re8 c5 35. Ra8 Kg7 36. Rxa7+ Kh6 37. Ra6 Kg5 38. Rxb6 h6 39. Rb5 h5 40. Rxc5 Kg4 41. Bf7 h4 42. Rd5 g5 43. c5 Kf4 44. Rc4# 1-0

[Event "GER-ch Net blitz qual2"]
[Site "Playchess.com INT"]
[Date "2020.03.16"]
[Round "3"]
[White "Radeke, Timothy"]
[Black "Thuemler, Floris"]
[Result "1-0"]
[WhiteElo "1143"]
[BlackElo "1295"]
[PlyCount "53"]
[EventDate "2020.03.16"]
[EventType "swiss (blitz)"]
[EventRounds "9"]
[EventCountry "GER"]
[SourceTitle "CBM 195 Extra"]
[Source "ChessBase"]
[SourceDate "2020.05.31"]
[SourceVersion "1"]
[SourceVersionDate "2020.05.31"]
[SourceQuality "1"]

1. d4 Nf6 2. c4 g6 3. Nc3 Bg7 4. e4 d6 5. Nf3 Kf8 6. Bf4 Nbd7 7. Be2 c5 8. 0-0 b6 9. e5 dxe5 10. dxe5 Nh5 11. Bg3 Nxg3 12. fxg3 Qc7 13. e6 Nf6 14. exf7 Kxf7 15. Ng5+ Ke8 16. Nb5 Qd7 17. Qxd7+ Kxd7 18. Bf3 Rb8 19. Rad1+ Ke8 20. Bc6+ Bd7 21. Nc7+ Kd8 22. Nce6+ Kc8 23. Bxd7+ Nxd7 24. Nxg7 h6 25. N5e6 Nf6 26. Nf4 g5 27. Nge6 1-0

[Event "GER-ch Net blitz qual2"]
[Site "Playchess.com INT"]
[Date "2020.03.16"]
[Round "8"]
[White "Thuemler, Floris"]
[Black "Bone, Karin"]
[Result "0-1"]
[WhiteElo "1295"]
[BlackElo "1252"]
[PlyCount "86"]
[EventDate "2020.03.16"]
[EventType "swiss (blitz)"]
[EventRounds "9"]
[EventCountry "GER"]
[SourceTitle "CBM 195 Extra"]
[Source "ChessBase"]
[SourceDate "2020.05.31"]
[SourceVersion "1"]
[SourceVersionDate "2020.05.31"]
[SourceQuality "1"]

1. e4 e5 2. Nc3 Nf6 3. f4 exf4 4. e5 Qe7 5. Qe2 Ng8 6. Nf3 d6 7. exd6 cxd6 8. d4 Bg4 9. Bxf4 Nf6 10. Qxe7+ Bxe7 11. Bb5+ Nc6 12. d5 a6 13. Bxc6+ bxc6 14. dxc6 0-0 15. 0-0 Rab8 16. b3 Rfe8 17. Rfe1 Rb6 18. Rad1 Rxc6 19. Bxd6 Bxd6 20. Rxe8+ Nxe8 21. Nd5 Rxc2 22. Ne3 Bc5 23. Rd3 Bxe3+ 24. Rxe3 Kf8 25. Ne5 Be6 26. a4 Rc1+ 27. Kf2 Rb1 28. Nc4 Nf6 29. Rd3 Ng4+ 30. Kf3 g6 31. h3 Rf1+ 32. Ke2 Rf2+ 33. Ke1 Bxc4 34. bxc4 Ne5 35. Rd8+ Ke7 36. Rd5 Rf5 37. g4 Rg5 38. h4 Nf3+ 39. Ke2 Rxd5 40. cxd5 Nd4+ 41. Kd3 Nf3 42. Ke4 Nxh4 43. Ke5 h5 0-1